CONVENTION on biological diversity : texts and annexes
| Format: | Book |
|---|---|
| Published: |
(Geneva, Switzerland :
The Interim Secretatiat for the Convention on Biological Diversity ,
1994)
|
| Subjects: |
MARC
| LEADER | 00000cam a2200000 7i4500 | ||
|---|---|---|---|
| 001 | 0000002880 | ||
| 005 | 20040205.0 | ||
| 090 | 0 | 0 | |a 333.95 |b CON 1994 |
| 245 | 0 | 0 | |a CONVENTION on biological diversity : |b texts and annexes |
| 260 | 0 | 0 | |a (Geneva, Switzerland : |b The Interim Secretatiat for the Convention on Biological Diversity , |c 1994) |
| 300 | |a 34 p. ; |c 21 cm. | ||
| 650 | 0 | 0 | |a Biological diversity conservation |
| 998 | |a JPSM | ||
| 999 | |a 0000005163 |b Monograph |c Open Shelf |e Default branch | ||
| 999 | |a 0000005210 |b Monograph |c Open Shelf |e Default branch | ||